Историография народного образования Западно-Сибирского региона (1917-1921 гг.) в постсоветской России; Российские модели образования и их интеграция в мировое образовательное пространство: прошлое и настоящее

Detalles Bibliográficos
Parent link:Российские модели образования и их интеграция в мировое образовательное пространство: прошлое и настоящее.— 2007.— С. 161-165
Autor Principal: Чеховских К. А. Константин Анатольевич
Idioma:ruso
Publicado: 2007
Subjects:
Formato: MixedMaterials Capítulo de libro
KOHA link:https://koha.lib.tpu.ru/cgi-bin/koha/opac-detail.pl?biblionumber=182747

MARC

LEADER 00000naa2a2200000 4500
001 182747
005 20231031171406.0
035 |a (RuTPU)RU\TPU\book\198097 
090 |a 182747 
100 |a 20100624d2007 k y0rusy50 ca 
101 0 |a rus 
102 |a RU 
200 1 |a Историография народного образования Западно-Сибирского региона (1917-1921 гг.) в постсоветской России  |f К. А. Чеховских 
320 |a Библиогр.: 10 назв. 
463 0 |0 (RuTPU)RU\TPU\book\164869  |t Российские модели образования и их интеграция в мировое образовательное пространство: прошлое и настоящее  |o труды V Всероссийской научно-практической конференции с международным участием, посвященной 50-летию Юргинского технологического института (филиала) Томского политехнического университета, 1-2 ноября 2007 г., Юрга  |f Томский политехнический университет (ТПУ), Юргинский технологический институт (ЮТИ)  |v С. 161-165  |d 2007  |p 262 с. 
610 1 |a народное образование 
610 1 |a Западная Сибирь 
610 1 |a историография 
610 1 |a постсоветский период 
610 1 |a 19 век 
610 1 |a труды учёных ТПУ 
700 1 |a Чеховских  |b К. А.  |c российский историк  |c доцент Юргинского технологического института Томского политехнического университета, кандидат исторических наук  |f 1960-  |g Константин Анатольевич  |2 stltpush  |3 (RuTPU)RU\TPU\pers\25567 
801 1 |a RU  |b 63413507  |c 20100624 
942 |c BK